000 00594nam a22001577a 4500
005 20260513154146.0
008 260513b |||||||| |||| 00| 0 eng d
050 _aTHE SH 328 .K4 O24 2025
100 _aOBIERO, SYLVESTER OTIENO
245 _aINFLUENCE OF FISHING CULTURE ON SUSTAINABILITY OF BEACH MANAGEMENT UNITS IN HOMABAY COUNTY, KENYA
260 _aKISII,
_bKISII UNIVERSITY PRESS,
_c2025.
300 _aXVII,203 P
500 _aINCLUDES BIBLIOGRAPHY
650 _a1. FISHERIES-KENYA- HOMABAY COUNTY 2. FISHERY MANAGEMENT -KENYA- 3. SUSTAINABLE FISHERIES- KENYA
942 _2lcc
_cREF
999 _c217129
_d217129